00784nam a2200193 a 450000100100000000500170001000800410002704000250006808200150009310000330010824500690014126000640021030000310027450400270030504900090033295201130034195201190045499900170057300002691020200930030502.0110328s1977 dr ad 000 0 spa d aDO-SdBNPbspacBNPHU axxxbR426m1 aMuñoz P., Guillermo95401910aManual de epidemiología general y método epidemiológico /. aSanto Domingo :bDirección General de Ganadería,c1977. a93 p. :bdiagrs. ;c28 cm. aBibliografía : 93 p. aBNPD 0010718PDaPDbPDcCTd2011-03-28iLF1l0oxxx R426mp26910-10r2020-06-25w2020-06-25yLFPDZNo se presta 0010718PDaPDbPDcCTd2011-05-26iLF1l0oxxx R426mp26910-20r2020-06-25te. 2w2020-06-25yLFPDZNo se presta c26402d26402